MARC details
| 000 -LEADER |
| campo de control de longitud fija |
01730cam a2200457Li 4500 |
| 001 - NÚMERO DE CONTROL |
| campo de control |
91665 |
| 005 - FECHA Y HORA DE LA ÚLTIMA TRANSACCIÓN |
| campo de control |
20230410123609.0 |
| 008 - DATOS DE LONGITUD FIJA--INFORMACIÓN GENERAL |
| campo de control de longitud fija |
060505s2006 fr 000 0 fre d |
| 035 ## - NÚMERO DE CONTROL DEL SISTEMA |
| Número de control de sistema |
(OCoLC)ocn470248371 |
| 040 ## - FUENTE DE CATALOGACIÓN |
| Centro catalogador/agencia de origen |
BDF |
| Lengua de catalogación |
fre |
| Centro/agencia transcriptor |
BDF |
| 015 ## - NÚMERO DE BIBLIOGRAFÍA NACIONAL |
| Número de bibliografía nacional |
00656593 |
| Fuente |
bnf |
| 016 7# - NÚMERO DE CONTROL DE UNA AGENCIA BIBLIOGRÁFICA NACIONAL |
| Número de control del registro |
FRBNF401545180000005 |
| Fuente |
FrPBN |
| 020 ## - NÚMERO INTERNACIONAL ESTÁNDAR DEL LIBRO |
| Número Internacional Estándar del Libro |
2844811094 (br) |
| 020 ## - NÚMERO INTERNACIONAL ESTÁNDAR DEL LIBRO |
| Número Internacional Estándar del Libro |
9782844811097 (br) |
| 029 1# - OTRO NÚMERO DE CONTROL DE SISTEMA (OCLC) |
| Identificador de la biblioteca OCLC |
ZWZ |
| Número de control de sistema |
106989782 |
| 035 ## - NÚMERO DE CONTROL DEL SISTEMA |
| Número de control de sistema |
(OCoLC)470248371 |
| 050 14 - SIGNATURA TOPOGRÁFICA DE LA BIBLIOTECA DEL CONGRESO |
| Número de clasificación |
KJV 5500 |
| Número de ítem |
M376c 2006 |
| 082 00 - NÚMERO DE LA CLASIFICACIÓN DECIMAL DEWEY |
| Número de clasificación |
346.4402 |
| 100 1# - ENTRADA PRINCIPAL--NOMBRE DE PERSONA |
| Nombre de persona |
Martel, Catherine. |
| 245 14 - MENCIÓN DEL TÍTULO |
| Título |
Les contrats de la production : |
| Resto del título |
cinema et television / |
| Mención de responsabilidad, etc. |
Catherine Martel. |
| 260 ## - PUBLICACIÓN, DISTRIBUCIÓN, ETC. |
| Lugar de publicación, distribución, etc. |
[Paris] : |
| Nombre del editor, distribuidor, etc. |
Dixit ed., |
| Fecha de publicación, distribución, etc. |
impr. 2006 |
| Lugar de fabricación/manufactura |
(06-Nice : |
| Fabricante |
Toscane impr.) |
| 300 ## - DESCRIPCIÓN FÍSICA |
| Extensión |
1 vol. (352 p.) : |
| Otras características físicas |
ill., couv. ill. en coul. ; |
| Dimensiones |
24 cm. |
| 490 0# - MENCIÓN DE SERIE |
| Mención de serie |
[Le guide du producteur], |
| Número Internacional Normalizado para Publicaciones Seriadas |
0988-1042 |
| 500 ## - NOTA GENERAL |
| Nota general |
Notice red. d'apráes la couv. |
| 650 #7 - PUNTO DE ACCESO ADICIONAL DE MATERIA--TÉRMINO DE MATERIA |
| Término de materia o nombre geográfico como elemento de entrada |
Audiovisuel |
| Subdivisión general |
Production et realisation |
| -- |
Droit |
| Subdivisión geográfica |
France. |
| Fuente del encabezamiento o término |
ram |
| 650 #7 - PUNTO DE ACCESO ADICIONAL DE MATERIA--TÉRMINO DE MATERIA |
| Término de materia o nombre geográfico como elemento de entrada |
Contrats |
| Subdivisión geográfica |
France. |
| Fuente del encabezamiento o término |
ram |
| 650 #0 - PUNTO DE ACCESO ADICIONAL DE MATERIA--TÉRMINO DE MATERIA |
| Término de materia o nombre geográfico como elemento de entrada |
Motion pictures |
| Subdivisión general |
Law and legislation |
| Subdivisión geográfica |
France. |
| 650 #0 - PUNTO DE ACCESO ADICIONAL DE MATERIA--TÉRMINO DE MATERIA |
| Término de materia o nombre geográfico como elemento de entrada |
Television |
| Subdivisión general |
Law and legislation |
| Subdivisión geográfica |
France. |
| 650 #0 - PUNTO DE ACCESO ADICIONAL DE MATERIA--TÉRMINO DE MATERIA |
| Término de materia o nombre geográfico como elemento de entrada |
Artists’ contracts |
| Subdivisión geográfica |
France |
| Subdivisión de forma |
Forms. |
| 650 #4 - PUNTO DE ACCESO ADICIONAL DE MATERIA--TÉRMINO DE MATERIA |
| Término de materia o nombre geográfico como elemento de entrada |
Películas |
| Subdivisión general |
Derecho y legislación |
| Subdivisión geográfica |
Francia. |
| 650 #4 - PUNTO DE ACCESO ADICIONAL DE MATERIA--TÉRMINO DE MATERIA |
| Término de materia o nombre geográfico como elemento de entrada |
Derechos de autor |
| Subdivisión general |
Aspectos jurídicos. |
| 650 #4 - PUNTO DE ACCESO ADICIONAL DE MATERIA--TÉRMINO DE MATERIA |
| Término de materia o nombre geográfico como elemento de entrada |
Materiales audiovisuales |
| Subdivisión general |
Legislación. |
| 650 #4 - PUNTO DE ACCESO ADICIONAL DE MATERIA--TÉRMINO DE MATERIA |
| Término de materia o nombre geográfico como elemento de entrada |
Cine |
| Subdivisión general |
Legislación. |
| 760 0# - ENLACE A UNA SERIE PRINCIPAL |
| Título |
Le Guide du producteur, |
| Lugar, editor y fecha de publicación |
2006 |
| Número Internacional Normalizado para Publicaciones Seriadas |
0988-1042 |
| Número de control del registro |
(FrPBN)34247109 |
| 856 42 - LOCALIZACIÓN Y ACCESO ELECTRÓNICOS |
| Materiales especificados |
Notice et cote du catalogue de la Bibliotháeque nationale de France |
| Identificador Uniforme de Recursos |
<a href="http://catalogue.bnf.fr/ark:/12148/cb401545183">http://catalogue.bnf.fr/ark:/12148/cb401545183</a> |
| 886 1# - INFORMACIÓN DE CAMPO MARC FORÁNEO |
| 2 |
intermrc |
| a |
009 |
| b |
a--d--------------- |
| 886 2# - INFORMACIÓN DE CAMPO MARC FORÁNEO |
| 2 |
intermrc |
| a |
680 |
| b |
0- |
| a |
340 |
| b |
340 |
| 942 ## - ELEMENTOS DE ENTRADA SECUNDARIOS (KOHA) |
| Fuente del sistema de clasificación o colocación |
Clasificación de Library of Congress |
| Tipo de ítem Koha |
|
| 994 ## - |
| -- |
C0 |
| -- |
DRFGD |
| 946 ## - PROCESAMIENTO DE INFORMACIÓN LOCAL (OCLC) |
| a |
nc |